The Indian economy: crisis, response and prospects (Record no. 376655)

000 -LEADER
fixed length control field 00476cam a22001577a 4500
008 - FIXED-LENGTH DATA ELEMENTS--GENERAL INFORMATION
fixed length control field 180718b1995 xxu||||| |||| 00| 0 eng d
020 ## - INTERNATIONAL STANDARD BOOK NUMBER
International Standard Book Number 8125003169
082 ## - DEWEY DECIMAL CLASSIFICATION NUMBER
Classification number T19x54 V191
100 ## - MAIN ENTRY--PERSONAL NAME
Personal name Vaidyanathan, A.
245 ## - TITLE STATEMENT
Title The Indian economy: crisis, response and prospects
Statement of responsibility, etc. by A. Vaidyanathan
260 ## - PUBLICATION, DISTRIBUTION, ETC.
Place of publication, distribution, etc. Hyderabad
Name of publisher, distributor, etc. Orient Longman
Date of publication, distribution, etc. 1995
300 ## - PHYSICAL DESCRIPTION
Extent 155p.
440 ## - SERIES STATEMENT/ADDED ENTRY--TITLE
Title Tracts for the times
650 ## - SUBJECT ADDED ENTRY--TOPICAL TERM
Topical term or geographic name entry element Economic development - India
650 ## - SUBJECT ADDED ENTRY--TOPICAL TERM
Topical term or geographic name entry element India - Economic policy
Holdings
Withdrawn status Lost status Damaged status Not for loan Permanent Location Current Location Date acquired Full call number Barcode Date last seen Price effective from Koha item type
        Indian Institute of Public Administration Indian Institute of Public Administration 1996-01-19 T19x54 V191 68819 2018-07-21 2018-07-21 Book

Powered by Koha